000 00990nam0a22002771 4500
001 rc\340692
005 20030307123113.9
010 _a5-376-00150-4
_9910
035 _a(NLR Aleph) 005582734
090 _a6129520
_c6129520
100 _a20030307d1989 u |0rusy50 ca
101 0 _arus
102 _aRU
105 _ay |||||||||
200 1 _aМикозы виноградной лозы
_e(Мировая сводка)
_fОтв. ред. Л.Ф. Онофраш
_gАН МССР, Ин-т физиологии и биохимии растений
210 _aКишинев
_cШтиинца
_d1989
215 _a241, [1] с.
_d22
320 _aБиблиогр.: с. 164-168
320 _aБиблиогр. в тексте
700 1 _aПопушой
_bИ. С.
_f1924-
_gИван Семенович
701 1 _aМаржина
_bЛ. А.
_gЛилия Анатольевна
801 0 _aRU
_bNLR
_gpsbo
801 1 _aRU
_bELAR
_2rusmarc
852 _aNLR
_j89-5/7484
942 _cBOOK
980 _aNB